000 00665nam a2200205 i 4500
001 146931
003 ES-MaACL
005 20250512063036.0
007 t|
008 070919s1932 sp |||| | spa d
100 1 _aTrotsky, Leon,
_d1879-1940
_9240350
245 1 0 _aHistoria de la Revolución rusa
_b: (la revolución de octubre) /
_cLeon Trotsky ; [traducción directa del ruso por Andrés Nin].
250 _a1ª ed.
260 _aMadrid :
_bCenit,
_c1932.
300 _a364 p. ;
_c24 cm.
651 4 _aRusia-
_xHistoria-
_y1917-1921, Revolución.
_99336
700 1 _aNin, Andreu.
_985748
852 _aES-MaACL
_jB-13570
999 _c146931
_d146931